00486nam a22001457a 4500003000500000038001800005082000800023100001700031245010600048264003400154300002400188650003000212700004000242856005800282NUST aNusrat Nadeem a200 aIram Shabina aBiological Evaluation and Chloroplast Genome Analysis of Western Himalayan Artemisia L/cShabina Iram aIslamabad;bASAB NUST;c2020. a220,p;bill;c2020. aPhD-Plant Biotechnology  aSupervisor:Dr. Muhammad Qasim Hayat u http://10.250.8.41:8080/xmlui/handle/123456789/27772